| 000 | 00388 a2200145 4500 | ||
|---|---|---|---|
| 999 |
_c4747 _d4747 |
||
| 020 | _a0750649852 | ||
| 050 | _aQA 75.5 MCB 2000 | ||
| 100 |
_aMcBride, P.K. _eauthor |
||
| 245 |
_aWorks 2000 made simple / _cP.K. McBride |
||
| 264 |
_aOxford : _bMade Simple _c2000 |
||
| 300 |
_aix, 150p. : _bill |
||
| 500 | _aIncludes index | ||
| 650 | _aMicrosoft Works. | ||
| 942 |
_2lcc _cBK _h75.5 _iMCB _k2000 |
||